Aproximació a la política econòmica de la Generalitat de Catalunya, 1980-1983 / Josep Miró i Ardèvol
ISBN:
84-7306-220-5
Descripción Física:
123 p. ; 20 cm
Colección:
Col·lecció Nàrtex ; 29
MARC
| LEADER | 00000nam a2200000Ia 4500 | ||
|---|---|---|---|
| 001 | 14405 | ||
| 008 | 160829s1984 xx 000 0 cat d | ||
| 020 | |a 84-7306-220-5 | ||
| 080 | |a M-4-229 | ||
| 100 | |a Miró i Ardèvol, Josep |9 25136 | ||
| 245 | |a Aproximació a la política econòmica de la Generalitat de Catalunya, 1980-1983 / Josep Miró i Ardèvol | ||
| 260 | |a Barcelona : |b Pòrtic, |c 1984 | ||
| 300 | |a 123 p. ; |c 20 cm | ||
| 490 | |a Col·lecció Nàrtex ; 29 | ||
| 590 | |a Títol a la coberta: Aproximació a la política econòmica de la Generalitat de Catalunya, 1981-1983 | ||
| 650 | |a Catalunya |x Política econòmica |x 1980/1983 |9 25137 | ||
| 901 | |a Arxiu | ||
| 942 | |n 1 | ||
| 952 | |0 0 |1 0 |4 0 |6 M4229 |7 1 |9 43464 |a Arxiu |b Arxiu |d 2016-12-01 |l 0 |o M-4-229 |p 14405 |r 2016-12-01 00:00:00 |w 2016-12-01 |y ARXIU | ||
| 999 | |c 46010 |d 46010 | ||